Statistics for Bread By Picture

Click here to take the quiz!

General Stats

  • This quiz has been taken 72 times
  • The average score is 5 of 13

Answer Stats

Answer% Correct
Naan
88%
Baguette
84%
Tortilla
81%
Pita
61%
Sourdough
59%
White Bread
47%
Banana Bread
45%
Pumpernickel
31%
Lavash
16%
Concha
13%
Anpan
5%
Kulcha
5%
Zopf
3%

Score Distribution

Percentile by Number Answered

Percent of People with Each Score

Your Score History

You have not taken this quiz